00525nam a22001937a 450000500170000001000130001702000100003003500130004003700160005304000120006908200150008124500580009626000370015427000560019130000290024765000220027665000190029870000140031720170124110006.0 aA-424583 c00.00 aA-424583 bCen Lib/Ret aDPLbEN a303.4bSOC aSocial transformation in India /cedited by T. M. Dak aDelhibAjanta Publicationsc1990 a1 U. B. Jawahar Nagar, Bungalow RoadbDelhie110007 ax,272p. :c21cm(Hb)bill aSocial conditions aSocial history aDak, T. M